[Event "Arco op 45th"]
[Site "Arco"]
[Date "2023.10.11"]
[Round "5"]
[White "Nardelli, Jacopo"]
[Black "Roessner, Uwe"]
[Result "1-0"]
[WhiteElo "1515"]
[BlackElo "1822"]
[PlyCount "111"]
[EventDate "2023.10.07"]
[EventType "swiss"]
[EventRounds "9"]
[EventCountry "ITA"]
[SourceTitle "Mega2024 Update 01"]
[Source "Chessbase"]
[SourceDate "2023.11.12"]
[SourceVersion "1"]
[SourceVersionDate "2023.11.12"]
[SourceQuality "1"]

1. e4 d6 2. d4 Nf6 3. Nc3 Nbd7 4. Nf3 e5 5. Bc4 Be7 6. Ng5 0-0 7. Bxf7+ Rxf7 8. Ne6 Qe8 9. Nxc7 Qd8 10. Nxa8 exd4 11. Qxd4 Nc5 12. e5 Ng4 13. exd6 Bxd6 14. Nb5 Qe8+ 15. Be3 Nxe3 16. Nxd6 Nxc2+ 17. Kf1 Nxd4 18. Nxe8 Nd3 19. f3 Re7 20. Rd1 Bf5 21. Nd6 Re2 22. h3 Rf2+ 23. Kg1 Ne2+ 24. Kh2 Ndf4 25. Rhg1 Bxh3 26. Ne4 Rxg2+ 27. Rxg2 Bxg2 28. Ng5 Kf8 29. Rd2 Bf1 30. Nc7 h6 31. Ne4 Bg2 32. Rxe2 Nxe2 33. Kxg2 g5 34. Ne6+ Ke7 35. N6c5 b6 36. Nd3 Ke6 37. Kf2 Nd4 38. Kg3 Kd5 39. Nc3+ Ke6 40. Kg4 Kf6 41. Nd5+ Ke6 42. Ne3 h5+ 43. Kxg5 Nxf3+ 44. Kxh5 Ne5 45. Nxe5 Kxe5 46. Kg5 Ke4 47. Nc4 Kd3 48. Nd6 Kc2 49. b4 a5 50. b5 Kb2 51. Nc4+ Kxa2 52. Nxb6 Kb3 53. Na4 Kxa4 54. b6 Kb5 55. b7 Ka6 56. b8Q 1-0

[Event "Arco op 45th"]
[Site "Arco"]
[Date "2023.10.07"]
[Round "1"]
[White "Zenker, Ulrich"]
[Black "Roessner, Uwe"]
[Result "1-0"]
[WhiteElo "2160"]
[BlackElo "1822"]
[PlyCount "55"]
[EventDate "2023.10.07"]
[EventType "swiss"]
[EventRounds "9"]
[EventCountry "ITA"]
[SourceTitle "Mega2024 Update 01"]
[Source "Chessbase"]
[SourceDate "2023.11.12"]
[SourceVersion "1"]
[SourceVersionDate "2023.11.12"]
[SourceQuality "1"]

1. d4 d6 2. Nf3 Nf6 3. c4 Nbd7 4. g3 e5 5. Bg2 Be7 6. 0-0 0-0 7. e3 Ne8 8. Nc3 c6 9. b3 f5 10. dxe5 dxe5 11. e4 f4 12. gxf4 exf4 13. e5 Qa5 14. Qe1 g5 15. h3 Ng7 16. Bb2 Nc5 17. Rd1 Qc7 18. b4 Nce6 19. Ne4 h5 20. Nf6+ Bxf6 21. exf6 Nf5 22. Qe4 Qh7 23. Ne5 Nh4 24. Qxh7+ Kxh7 25. Be4+ Kg8 26. Rd2 g4 27. hxg4 hxg4 28. Nxg4 1-0

[Event "Mittelfrank Regionalliga Nord-West 2223"]
[Site "Mittelfranken"]
[Date "2023.04.23"]
[Round "9.7"]
[White "Roessner, Uwe"]
[Black "Bittner, Harald"]
[Result "0-1"]
[WhiteElo "1831"]
[BlackElo "1875"]
[PlyCount "40"]
[EventDate "2022.10.09"]
[EventType "team-tourn"]
[EventRounds "9"]
[EventCountry "GER"]
[SourceTitle "EXT 2024"]
[Source "ChessBase"]
[SourceDate "2023.10.10"]
[SourceVersion "1"]
[SourceVersionDate "2023.10.10"]
[SourceQuality "1"]
[WhiteTeam "Stetten"]
[BlackTeam "Bad Neustadt"]
[WhiteTeamCountry "GER"]
[BlackTeamCountry "GER"]

1. c4 b6 2. Nf3 f5 3. d3 Bb7 4. g3 Nf6 5. Bg2 e5 6. 0-0 d6 7. Nc3 Be7 8. b4 0-0 9. Qb3 Kh8 10. a4 a5 11. bxa5 Rxa5 12. Bd2 Nbd7 13. Rfb1 Nc5 14. Qc2 Qd7 15. Nb5 Ra6 16. Bb4 e4 17. Bxc5 exf3 18. Bxf3 Bxf3 19. Bxd6 Bxd6 20. Nxd6 Bxe2 0-1

[Event "Mittelfrank Regionalliga Nord-West 2223"]
[Site "Mittelfranken"]
[Date "2023.03.19"]
[Round "8.7"]
[White "Susur, Gabriel"]
[Black "Roessner, Uwe"]
[Result "0-1"]
[WhiteElo "1937"]
[BlackElo "1831"]
[PlyCount "106"]
[EventDate "2022.10.09"]
[EventType "team-tourn"]
[EventRounds "9"]
[EventCountry "GER"]
[SourceTitle "EXT 2024"]
[Source "ChessBase"]
[SourceDate "2023.10.10"]
[SourceVersion "1"]
[SourceVersionDate "2023.10.10"]
[SourceQuality "1"]
[WhiteTeam "Aschaffenburg"]
[BlackTeam "Stetten"]
[WhiteTeamCountry "GER"]
[BlackTeamCountry "GER"]

1. d4 d6 2. Nf3 Nd7 3. c4 e5 4. Nc3 Ngf6 5. e4 Be7 6. Be2 0-0 7. d5 c6 8. 0-0 Nc5 9. Nd2 a5 10. g4 h6 11. f3 Nh7 12. Nb3 Nd7 13. Be3 c5 14. Qd2 Bg5 15. Nb5 Bxe3+ 16. Qxe3 Ndf6 17. Rf2 Qe7 18. Nd2 Bd7 19. Nc3 Rfe8 20. Nf1 Nf8 21. Ng3 Ng6 22. Nf5 Bxf5 23. exf5 Nf4 24. Bf1 Nh7 25. Ne2 Qg5 26. Qb3 a4 27. Qb6 Nd3 28. Nc3 Nxf2 29. Kxf2 Qf4 30. Ne4 Ng5 31. Nxg5 Qxh2+ 32. Bg2 Qh4+ 33. Kg1 Qxg5 34. Qxd6 Qe3+ 35. Kh1 Qd4 36. Re1 Rad8 37. Qc7 Qxc4 38. Qxb7 Qxd5 39. Qc7 Rc8 40. Qb6 Qxa2 41. f6 g6 42. Qb5 Rb8 43. Qd7 Qxb2 44. Qxa4 Qf2 45. Rd1 Qh4+ 46. Kg1 Qxf6 47. Qc4 Red8 48. Rf1 Qd6 49. Kh1 Qd4 50. Qa6 c4 51. Re1 Qf2 52. Rf1 Qd4 53. Re1 Qd2 0-1

[Event "Mittelfrank Regionalliga Nord-West 2223"]
[Site "Mittelfranken"]
[Date "2022.11.27"]
[Round "3.8"]
[White "Roessner, Uwe"]
[Black "Bardorz, Stefan"]
[Result "1-0"]
[WhiteElo "1831"]
[BlackElo "1747"]
[PlyCount "97"]
[EventDate "2022.10.09"]
[EventType "team-tourn"]
[EventRounds "9"]
[EventCountry "GER"]
[SourceTitle "EXT 2024"]
[Source "ChessBase"]
[SourceDate "2023.10.10"]
[SourceVersion "1"]
[SourceVersionDate "2023.10.10"]
[SourceQuality "1"]
[WhiteTeam "Stetten"]
[BlackTeam "Rottendorf"]
[WhiteTeamCountry "GER"]
[BlackTeamCountry "GER"]

1. c4 e5 2. Nc3 Nc6 3. g3 f5 4. Bg2 Nf6 5. d3 d6 6. Bg5 Be6 7. Nd5 Be7 8. Bxf6 Bxf6 9. Nf3 Bxd5 10. cxd5 Ne7 11. Nd2 0-0 12. 0-0 Qd7 13. Qb3 Kh8 14. Rac1 c6 15. dxc6 bxc6 16. Rc2 Rab8 17. Qa4 Rfc8 18. Nb3 Rb6 19. Rfc1 Rc7 20. Na5 c5 21. Qxd7 Rxd7 22. Nc4 Rb8 23. b3 Kg8 24. Ne3 Bg5 25. Rf1 f4 26. Nd5 Nf5 27. Rc4 Nd4 28. Re1 Rf8 29. Nc3 f3 30. Bh3 Re7 31. e3 Nc2 32. Rf1 Nb4 33. Ne4 Bh6 34. Nxd6 Nxd3 35. Nf5 Rc7 36. Rd1 Nb2 37. Nxh6+ gxh6 38. Rg4+ Kf7 39. Rd6 c4 40. Rxh6 Ke8 41. bxc4 Nxc4 42. Re4 Kd8 43. Bf1 Na5 44. Rxe5 Nc4 45. Re4 Na5 46. Rd6+ Rd7 47. Rxd7+ Kxd7 48. Rf4 Rxf4 49. gxf4 1-0

[Event "Mittelfrank Regionalliga Nord-West 2223"]
[Site "Mittelfranken"]
[Date "2022.10.23"]
[Round "2.7"]
[White "Roessner, Uwe"]
[Black "Deml, Tilo"]
[Result "1-0"]
[WhiteElo "1831"]
[BlackElo "1907"]
[PlyCount "77"]
[EventDate "2022.10.09"]
[EventType "team-tourn"]
[EventRounds "9"]
[EventCountry "GER"]
[SourceTitle "EXT 2024"]
[Source "ChessBase"]
[SourceDate "2023.10.10"]
[SourceVersion "1"]
[SourceVersionDate "2023.10.10"]
[SourceQuality "1"]
[WhiteTeam "Stetten"]
[BlackTeam "Marktleuthen"]
[WhiteTeamCountry "GER"]
[BlackTeamCountry "GER"]

1. c4 Nf6 2. g3 g6 3. Bg2 Bg7 4. Nf3 0-0 5. 0-0 d6 6. Nc3 e5 7. d3 Nc6 8. a3 Bd7 9. Bg5 h6 10. Bxf6 Bxf6 11. Qc2 Bg7 12. b4 f5 13. b5 Ne7 14. Nd2 c6 15. a4 Rc8 16. Rab1 g5 17. bxc6 Bxc6 18. Bxc6 bxc6 19. Rb7 Rc7 20. Rfb1 Qd7 21. Qb3 Rfc8 22. a5 e4 23. a6 d5 24. c5 Kh7 25. Na4 Be5 26. Nb6 axb6 27. Rxc7 Bxc7 28. cxb6 Bb8 29. Qa4 Ba7 30. bxa7 Rd8 31. Rb7 Qd6 32. Qa5 Kg6 33. Qa1 h5 34. Qb2 h4 35. Nb3 h3 36. Nd4 Qc5 37. Ne6 Qa5 38. Qg7+ Kh5 39. Qxg5# 1-0

[Event "Arco op 41st"]
[Site "Arco"]
[Date "2019.10.07"]
[Round "4"]
[White "Konyves, Almos"]
[Black "Roessner, Uwe"]
[Result "0-1"]
[WhiteElo "2006"]
[BlackElo "1804"]
[PlyCount "40"]
[EventDate "2019.10.04"]
[EventType "swiss"]
[EventRounds "9"]
[EventCountry "ITA"]
[SourceTitle "EXT 2020"]
[Source "ChessBase"]
[SourceDate "2019.10.17"]
[SourceVersion "1"]
[SourceVersionDate "2019.10.17"]
[SourceQuality "1"]

1. e4 d6 2. d4 Nf6 3. Nc3 e5 4. Nf3 exd4 5. Nxd4 Be7 6. f3 0-0 7. Be3 Re8 8. Bc4 c6 9. a4 d5 10. exd5 Nxd5 11. Nxd5 cxd5 12. Be2 Bb4+ 13. Kf2 Qh4+ 14. g3 Qe7 15. Qd3 Nc6 16. c3 Bc5 17. Rae1 Bd7 18. Bd1 Qf6 19. Nc2 Ne5 20. Qxd5 Bc6 0-1

[Event "Arco op 41st"]
[Site "Arco"]
[Date "2019.10.05"]
[Round "2"]
[White "Medancic, Rikard"]
[Black "Roessner, Uwe"]
[Result "1-0"]
[WhiteElo "2146"]
[BlackElo "1804"]
[PlyCount "65"]
[EventDate "2019.10.04"]
[EventType "swiss"]
[EventRounds "9"]
[EventCountry "ITA"]
[SourceTitle "EXT 2020"]
[Source "ChessBase"]
[SourceDate "2019.10.17"]
[SourceVersion "1"]
[SourceVersionDate "2019.10.17"]
[SourceQuality "1"]

1. d4 d6 2. Nf3 Nf6 3. g3 Nbd7 4. c4 e5 5. Nc3 Be7 6. Bg2 0-0 7. 0-0 c6 8. e4 exd4 9. Nxd4 Ne5 10. b3 Re8 11. h3 h6 12. f4 Ng6 13. Bb2 Nd7 14. Qd2 Ndf8 15. Rad1 Bf6 16. Kh1 Qa5 17. Nd5 Bd8 18. Bc3 Qa6 19. Ne3 Bf6 20. Nef5 Bxf5 21. Nxf5 Nh7 22. Nxd6 Bxc3 23. Qxc3 Red8 24. e5 Nhf8 25. a4 Qb6 26. f5 Ne7 27. f6 Neg6 28. fxg7 Ne6 29. Rd3 Qc5 30. Nxf7 Rxd3 31. Qxd3 Kxg7 32. Rf6 Nef8 33. Qd2 1-0

[Event "Arco op 40th"]
[Site "Arco"]
[Date "2018.10.17"]
[Round "5"]
[White "Coqueraut, Lodewyk"]
[Black "Roessner, Uwe"]
[Result "1/2-1/2"]
[WhiteElo "1607"]
[BlackElo "1817"]
[PlyCount "24"]
[EventDate "2018.10.13"]
[EventType "swiss"]
[EventRounds "9"]
[EventCountry "ITA"]
[SourceTitle "CBM 186 Extra"]
[Source "ChessBase"]
[SourceDate "2018.08.24"]
[SourceVersion "1"]
[SourceVersionDate "2018.08.24"]
[SourceQuality "1"]

1. d4 d6 2. Nc3 Nd7 3. Nf3 c6 4. e3 e5 5. Be2 Ngf6 6. dxe5 dxe5 7. e4 Be7 8. 0-0 0-0 9. a3 Qc7 10. Bc4 Nc5 11. Qe2 Be6 12. Re1 Rad8 1/2-1/2

[Event "Arco op 40th"]
[Site "Arco"]
[Date "2018.10.15"]
[Round "3"]
[White "Zanchetta, Nicola"]
[Black "Roessner, Uwe"]
[Result "1-0"]
[WhiteElo "2044"]
[BlackElo "1817"]
[PlyCount "49"]
[EventDate "2018.10.13"]
[EventType "swiss"]
[EventRounds "9"]
[EventCountry "ITA"]
[SourceTitle "CBM 186 Extra"]
[Source "ChessBase"]
[SourceDate "2018.08.24"]
[SourceVersion "1"]
[SourceVersionDate "2018.08.24"]
[SourceQuality "1"]

1. e4 d6 2. Bc4 Nf6 3. d3 e5 4. Nc3 c6 5. Bb3 Be7 6. f4 Nbd7 7. Nf3 0-0 8. Qe2 b5 9. fxe5 Nxe5 10. Bf4 Qc7 11. 0-0 a5 12. a3 Nxf3+ 13. Qxf3 Be6 14. h3 Bxb3 15. cxb3 Nd7 16. Qg3 Kh8 17. Rac1 Qb8 18. Ne2 Ne5 19. Bxe5 dxe5 20. Rxc6 Qa7+ 21. Kh1 f6 22. Rfc1 Qd7 23. Rc7 Qe6 24. R1c6 Qf7 25. Nc3 1-0

[Event "Arco op-A 39th"]
[Site "Arco"]
[Date "2017.10.15"]
[Round "9"]
[White "Cortese, Lina"]
[Black "Roessner, Uwe"]
[Result "1/2-1/2"]
[WhiteElo "1641"]
[BlackElo "1823"]
[PlyCount "40"]
[EventDate "2017.10.07"]
[EventType "swiss"]
[EventRounds "9"]
[EventCountry "ITA"]
[SourceTitle "CBM 181 Extra"]
[Source "ChessBase"]
[SourceDate "2017.12.12"]
[SourceVersion "1"]
[SourceVersionDate "2017.12.12"]
[SourceQuality "1"]

1. c4 d6 2. Nc3 e5 3. g3 Be7 4. Nf3 f5 5. d3 Nf6 6. Bg2 0-0 7. 0-0 Nc6 8. a3 Qe8 9. b4 Qh5 10. e3 f4 11. b5 Nb8 12. Nd5 Nxd5 13. cxd5 Bg4 14. exf4 Nd7 15. h3 Bxh3 16. Nxe5 Qxd1 17. Rxd1 Bxg2 18. Nxd7 Rfd8 19. Kxg2 Rxd7 20. Bb2 Kf7 1/2-1/2

[Event "Arco op-A 39th"]
[Site "Arco"]
[Date "2017.10.12"]
[Round "6"]
[White "Roessner, Uwe"]
[Black "Mastroddi, Emiliano"]
[Result "1/2-1/2"]
[WhiteElo "1823"]
[BlackElo "2053"]
[PlyCount "56"]
[EventDate "2017.10.07"]
[EventType "swiss"]
[EventRounds "9"]
[EventCountry "ITA"]
[SourceTitle "CBM 181 Extra"]
[Source "ChessBase"]
[SourceDate "2017.12.12"]
[SourceVersion "1"]
[SourceVersionDate "2017.12.12"]
[SourceQuality "1"]

1. c4 e5 2. Nc3 Nc6 3. g3 g6 4. Bg2 Bg7 5. Nf3 d6 6. 0-0 Nge7 7. Rb1 Be6 8. d3 h6 9. b4 Qd7 10. b5 Nd8 11. Qc2 Bh3 12. Bb2 Bxg2 13. Kxg2 0-0 14. a4 Ne6 15. Rfc1 f5 16. Nd5 g5 17. Qb3 Ng6 18. c5 Qf7 19. cxd6 cxd6 20. Nd2 f4 21. Ne4 f3+ 22. exf3 Qxf3+ 23. Kg1 Kh8 24. Ne7 Nxe7 25. Qxe6 Nf5 26. Qd5 Ne3 27. fxe3 Qxe3+ 28. Kh1 Qf3+ 1/2-1/2

[Event "Arco op-A 39th"]
[Site "Arco"]
[Date "2017.10.10"]
[Round "4"]
[White "Roessner, Uwe"]
[Black "Battistella, Stefano"]
[Result "0-1"]
[WhiteElo "1823"]
[BlackElo "2041"]
[PlyCount "78"]
[EventDate "2017.10.07"]
[EventType "swiss"]
[EventRounds "9"]
[EventCountry "ITA"]
[SourceTitle "CBM 181 Extra"]
[Source "ChessBase"]
[SourceDate "2017.12.12"]
[SourceVersion "1"]
[SourceVersionDate "2017.12.12"]
[SourceQuality "1"]

1. c4 g6 2. g3 Bg7 3. Bg2 e5 4. Nc3 Nc6 5. Nf3 d6 6. 0-0 Nge7 7. Rb1 a5 8. a3 Be6 9. d3 h6 10. Qc2 Qd7 11. Re1 0-0 12. b4 axb4 13. axb4 f5 14. b5 Nd8 15. Bd2 g5 16. Ra1 Nf7 17. Ra4 Rab8 18. Rea1 d5 19. R1a3 Rfd8 20. cxd5 Nxd5 21. Nxd5 Bxd5 22. Rc3 Rbc8 23. Rc5 e4 24. Nd4 b6 25. Rxd5 Qxd5 26. Nc6 Rd7 27. Be1 exd3 28. exd3 Qxb5 29. Na7 Qe5 30. Nxc8 Qxe1+ 31. Bf1 Qe6 32. Ra8 Bf8 33. Na7 Ne5 34. d4 Nf3+ 35. Kh1 Nxd4 36. Bc4 Rd5 37. Qc1 Qe4+ 38. Kg1 Nf3+ 39. Kf1 Qxc4+ 0-1

[Event "Arco op-A 39th"]
[Site "Arco"]
[Date "2017.10.09"]
[Round "3"]
[White "Traversi, Carlo"]
[Black "Roessner, Uwe"]
[Result "0-1"]
[WhiteElo "1606"]
[BlackElo "1823"]
[PlyCount "44"]
[EventDate "2017.10.07"]
[EventType "swiss"]
[EventRounds "9"]
[EventCountry "ITA"]
[SourceTitle "CBM 181 Extra"]
[Source "ChessBase"]
[SourceDate "2017.12.12"]
[SourceVersion "1"]
[SourceVersionDate "2017.12.12"]
[SourceQuality "1"]

1. Nf3 d6 2. g3 e5 3. Nc3 Nf6 4. Bg2 Be7 5. e4 Nc6 6. 0-0 0-0 7. d4 Bg4 8. Ne2 Nxe4 9. dxe5 dxe5 10. Be3 Qe8 11. Qe1 f5 12. Nc3 Nxc3 13. Qxc3 Bd6 14. Bc5 Qh5 15. Bxd6 cxd6 16. Nd2 Nd4 17. Qc4+ Kh8 18. f3 Bh3 19. c3 Nc2 20. g4 Qh6 21. Nb3 Bxg2 22. Kxg2 Ne3+ 0-1

[Event "Arco op-A 39th"]
[Site "Arco"]
[Date "2017.10.08"]
[Round "2"]
[White "Roessner, Uwe"]
[Black "Tencheni, Maurizio"]
[Result "1/2-1/2"]
[WhiteElo "1823"]
[BlackElo "1635"]
[PlyCount "100"]
[EventDate "2017.10.07"]
[EventType "swiss"]
[EventRounds "9"]
[EventCountry "ITA"]
[SourceTitle "CBM 181 Extra"]
[Source "ChessBase"]
[SourceDate "2017.12.12"]
[SourceVersion "1"]
[SourceVersionDate "2017.12.12"]
[SourceQuality "1"]

1. c4 b6 2. Nf3 Bb7 3. g3 e5 4. d3 Nf6 5. Bg2 d6 6. 0-0 Be7 7. Nc3 0-0 8. a3 a5 9. Bg5 Nbd7 10. Qc2 Nc5 11. b4 Ne6 12. Bxf6 Bxf6 13. Nd5 axb4 14. axb4 e4 15. Rxa8 Bxa8 16. dxe4 c6 17. Nxf6+ Qxf6 18. Rd1 Rd8 19. e5 dxe5 20. Rxd8+ Nxd8 21. Qa4 Bb7 22. Qa7 e4 23. Nd2 Qd4 24. Nxe4 f5 25. Ng5 Qd1+ 26. Bf1 Qd2 27. h4 Qxb4 28. Qb8 Qf8 29. Ne6 Nxe6 30. Qxb7 Qc5 31. e3 h6 32. Qc8+ Nf8 33. Bd3 g6 34. Qd8 b5 35. cxb5 cxb5 36. Qa5 Qc1+ 37. Bf1 Qb1 38. Qxb5 Qxb5 39. Bxb5 Kg7 40. Bd3 Kf6 41. f4 Nd7 42. Kf2 Nc5 43. Bc2 Ne6 44. Kf3 g5 45. hxg5+ hxg5 46. Bxf5 Kxf5 47. e4+ Kf6 48. Kg4 gxf4 49. gxf4 Nd4 50. f5 Nxf5 1/2-1/2

[Event "Arco op 38th"]
[Site "Arco"]
[Date "2016.10.08"]
[Round "1"]
[White "Roessner, Uwe"]
[Black "Pedersen, Hans Buus"]
[Result "0-1"]
[WhiteElo "1846"]
[BlackElo "2189"]
[PlyCount "100"]
[EventDate "2016.10.08"]
[EventType "swiss"]
[EventRounds "9"]
[EventCountry "ITA"]
[SourceTitle "EXT 2017"]
[Source "ChessBase"]
[SourceDate "2016.10.25"]
[SourceVersion "1"]
[SourceVersionDate "2016.10.25"]
[SourceQuality "1"]

1. c4 e6 2. g3 Nf6 3. Bg2 a6 4. Nf3 b5 5. b3 c5 6. 0-0 Bb7 7. d3 d5 8. Nbd2 Nbd7 9. Bb2 Qc7 10. Rc1 Be7 11. Rc2 0-0 12. Qa1 bxc4 13. bxc4 d4 14. Ba3 Rfe8 15. Rb1 Bc6 16. Bc1 Nb6 17. Nb3 Nbd7 18. Bd2 a5 19. a4 h6 20. Rcb2 e5 21. e4 Ra7 22. Nh4 Rea8 23. Nf5 Bf8 24. f4 g6 25. fxe5 Nxe5 26. Nxh6+ Kh7 27. Rf1 Ne8 28. Nxf7 Nxf7 29. Bf4 Qd8 30. Rbf2 Ng7 31. Qd1 Bxa4 32. e5 Rb8 33. Qg4 Bd7 34. Qd1 Be6 35. Be4 Nf5 36. g4 N5h6 37. Bxh6 Bxh6 38. Rf6 Be3+ 39. Kh1 Ng5 40. Bxg6+ Kg7 41. Nxc5 Rb6 42. Be4 Nxe4 43. Nxe4 a4 44. g5 Qe8 45. g6 a3 46. Qh5 Qh8 47. Rf7+ Bxf7 48. Rxf7+ Rxf7 49. Qxh8+ Kxh8 50. gxf7 Kg7 0-1

[Event "Arco op 37th"]
[Site "Arco"]
[Date "2015.10.14"]
[Round "5"]
[White "Weinberg, Emanuele"]
[Black "Roessner, Uwe"]
[Result "1/2-1/2"]
[WhiteElo "1696"]
[BlackElo "1843"]
[PlyCount "34"]
[EventDate "2015.10.10"]
[EventType "swiss"]
[EventRounds "9"]
[EventCountry "ITA"]
[SourceTitle "CBM 168 Extra"]
[Source "ChessBase"]
[SourceDate "2015.10.29"]
[SourceVersion "1"]
[SourceVersionDate "2015.10.29"]
[SourceQuality "1"]

1. d4 d6 2. Nf3 Nf6 3. c4 Nbd7 4. Nc3 e5 5. dxe5 dxe5 6. e4 Be7 7. Be2 0-0 8. 0-0 c6 9. h3 Qc7 10. Qc2 Nc5 11. b4 Ne6 12. c5 Nh5 13. Be3 Nef4 14. Kh2 Be6 15. Ng1 Nxe2 16. Ngxe2 Nf4 17. Ng1 Rad8 1/2-1/2

[Event "Erfurt HT op 24th"]
[Site "Erfurt"]
[Date "2014.12.27"]
[Round "3"]
[White "Moeller, Frank"]
[Black "Roessner, Uwe"]
[Result "1-0"]
[WhiteElo "1835"]
[BlackElo "1824"]
[PlyCount "51"]
[EventDate "2014.12.26"]
[EventType "swiss"]
[EventRounds "8"]
[EventCountry "GER"]
[SourceTitle "CBM 164 Extra"]
[Source "ChessBase"]
[SourceDate "2015.03.02"]
[SourceVersion "1"]
[SourceVersionDate "2015.03.02"]
[SourceQuality "1"]

1. c4 d6 2. Nc3 e5 3. g3 f5 4. Bg2 Nf6 5. d3 c6 6. Bg5 Nbd7 7. e3 Be7 8. Nge2 0-0 9. b4 h6 10. Bxf6 Nxf6 11. b5 Qe8 12. bxc6 bxc6 13. Rb1 Bd8 14. 0-0 Bb6 15. Qa4 Bd7 16. d4 exd4 17. exd4 c5 18. Qd1 cxd4 19. Bxa8 Qxa8 20. Nxd4 f4 21. Nd5 Nxd5 22. cxd5 Qxd5 23. Ne2 Qa8 24. Nxf4 Rxf4 25. gxf4 Bh3 26. Qb3+ 1-0

[Event "Arco op 36th"]
[Site "Arco"]
[Date "2014.10.11"]
[Round "8"]
[White "Moro, Roberto"]
[Black "Roessner, Uwe"]
[Result "1/2-1/2"]
[WhiteElo "1748"]
[BlackElo "1866"]
[PlyCount "46"]
[EventDate "2014.10.04"]
[EventType "swiss"]
[EventRounds "9"]
[EventCountry "ITA"]
[SourceTitle "EXT 2016"]
[Source "ChessBase"]
[SourceDate "2015.10.08"]
[SourceVersion "1"]
[SourceVersionDate "2015.10.08"]
[SourceQuality "1"]

1. e4 d6 2. d4 Nf6 3. Nc3 e5 4. dxe5 dxe5 5. Qxd8+ Kxd8 6. Bg5 Be6 7. 0-0-0+ Kc8 8. Bxf6 gxf6 9. Nd5 Nd7 10. g3 c6 11. Ne3 a5 12. Bc4 b5 13. Bxe6 fxe6 14. Kb1 Kc7 15. Ne2 Nc5 16. Rhf1 Nxe4 17. f3 Nc5 18. Ng4 Be7 19. f4 e4 20. Ne3 f5 21. g4 Rhf8 22. gxf5 exf5 23. Nd4 Rf7 1/2-1/2

[Event "Arco op 36th"]
[Site "Arco"]
[Date "2014.10.07"]
[Round "4"]
[White "Goli, Daniele"]
[Black "Roessner, Uwe"]
[Result "1-0"]
[WhiteElo "1973"]
[BlackElo "1866"]
[PlyCount "95"]
[EventDate "2014.10.04"]
[EventType "swiss"]
[EventRounds "9"]
[EventCountry "ITA"]
[SourceTitle "EXT 2016"]
[Source "ChessBase"]
[SourceDate "2015.10.08"]
[SourceVersion "1"]
[SourceVersionDate "2015.10.08"]
[SourceQuality "1"]

1. d4 d6 2. Nc3 Nf6 3. e4 e5 4. dxe5 dxe5 5. Qxd8+ Kxd8 6. Bg5 Be6 7. Nf3 Bd6 8. 0-0-0 Nbd7 9. Bh4 h6 10. Bb5 g5 11. Bg3 Ke7 12. Bxd7 Nxd7 13. Nd5+ Bxd5 14. Rxd5 f6 15. Ne1 a5 16. f3 c6 17. Rd1 b5 18. Bf2 b4 19. h4 a4 20. hxg5 hxg5 21. Rxh8 Rxh8 22. Nd3 Rh2 23. Rg1 Nf8 24. Kd2 Ne6 25. Bg3 Rh8 26. c3 c5 27. Bf2 Rh2 28. Ke2 Kd7 29. Bg3 Rh8 30. Re1 Kc6 31. Nf2 Kd7 32. Ng4 Be7 33. Kd3 Kc6 34. Kc4 Nc7 35. Rd1 Nb5 36. Ne3 Nd6+ 37. Kd3 Nb5 38. Nd5 Bd8 39. cxb4 cxb4 40. Nxb4+ Kc5 41. Nd5 Nd6 42. Rc1+ Kb5 43. Rc2 Rh1 44. Bf2 Nb7 45. Be3 Rh7 46. Rc8 Rf7 47. Nc3+ Kb4 48. Rc4+ 1-0

[Event "Arco op 34th"]
[Site "Arco"]
[Date "2012.10.20"]
[Round "8"]
[White "Barlocco, Carlo"]
[Black "Roessner, Uwe"]
[Result "1-0"]
[WhiteElo "2086"]
[BlackElo "1892"]
[PlyCount "37"]
[EventDate "2012.10.13"]
[EventType "swiss"]
[EventRounds "9"]
[EventCountry "ITA"]
[SourceTitle "EXT 2013"]
[Source "ChessBase"]
[SourceDate "2012.11.22"]
[SourceVersion "1"]
[SourceVersionDate "2012.11.22"]
[SourceQuality "1"]

1. e4 d6 2. d4 Nf6 3. Nc3 e5 4. Nf3 exd4 5. Nxd4 Be7 6. Be2 0-0 7. 0-0 a6 8. Re1 b5 9. Bf4 c5 10. Nf5 Bxf5 11. exf5 Nc6 12. Bf3 Rc8 13. Bxc6 Rxc6 14. a4 b4 15. Nd5 Re8 16. Re3 Qd7 17. Rxe7 Qxe7 18. Nxe7+ Rxe7 19. Bg5 1-0

[Event "Arco op 34th"]
[Site "Arco"]
[Date "2012.10.15"]
[Round "3"]
[White "Anfruns, Carlos"]
[Black "Roessner, Uwe"]
[Result "0-1"]
[WhiteElo "1743"]
[BlackElo "1892"]
[PlyCount "52"]
[EventDate "2012.10.13"]
[EventType "swiss"]
[EventRounds "9"]
[EventCountry "ITA"]
[SourceTitle "EXT 2013"]
[Source "ChessBase"]
[SourceDate "2012.11.22"]
[SourceVersion "1"]
[SourceVersionDate "2012.11.22"]
[SourceQuality "1"]

1. d4 d6 2. Nf3 Nf6 3. c4 Nbd7 4. g3 e5 5. Bg2 Be7 6. Nc3 c6 7. 0-0 0-0 8. e4 a6 9. h3 b5 10. cxb5 axb5 11. Qc2 Bb7 12. b3 Re8 13. dxe5 dxe5 14. Bb2 Qb6 15. Rfd1 Bc5 16. Nh4 g6 17. g4 Nf8 18. g5 Nh5 19. Bf3 Nf4 20. Bg4 Bc8 21. Ng2 Nxh3+ 22. Bxh3 Bxh3 23. Rd3 Bd7 24. Rg3 Ne6 25. Ne3 Bxe3 26. fxe3 Nxg5 0-1

[Event "Rhein Main op-A 15th"]
[Site "Bad Homburg"]
[Date "2012.06.08"]
[Round "4"]
[White "Wulf, Guenter"]
[Black "Roessner, Uwe"]
[Result "0-1"]
[WhiteElo "1746"]
[BlackElo "1893"]
[PlyCount "56"]
[EventDate "2012.06.06"]
[EventType "swiss"]
[EventRounds "7"]
[EventCountry "GER"]
[SourceTitle "EXT 2013"]
[Source "ChessBase"]
[SourceDate "2012.11.22"]
[SourceVersion "1"]
[SourceVersionDate "2012.11.22"]
[SourceQuality "1"]

1. e4 d6 2. b3 e5 3. Bb2 Nf6 4. Nc3 Be7 5. h3 0-0 6. Nf3 Nbd7 7. d4 exd4 8. Qxd4 Re8 9. Bc4 Nb6 10. 0-0-0 Nxc4 11. Qxc4 c6 12. e5 d5 13. Qe2 Bf8 14. Ng5 h6 15. Nce4 hxg5 16. exf6 Qc7 17. h4 Rxe4 18. Qd3 gxf6 19. hxg5 Qf4+ 20. Kb1 Qxg5 21. f3 Rh4 22. g4 Rxh1 23. Rxh1 Qg6 24. Bxf6 Bg7 25. Bxg7 Qxd3 26. cxd3 Kxg7 27. d4 Be6 28. Rg1 Rh8 0-1